[Event "St Louis inv. GM"]
[Site "Saint Louis USA"]
[Date "2017.11.20"]
[Round "7.3"]
[White "Hambleton, Aman"]
[Black "Shetty, Atulya"]
[Result "1/2-1/2"]
[WhiteElo "2484"]
[BlackElo "2403"]
[PlyCount "120"]
[EventDate "2017.11.17"]
[EventType "tourn"]
[EventRounds "9"]
[EventCountry "USA"]
[EventCategory "10"]
[Source "Chess Mix"]
[SourceDate "2017.12.01"]

1. c4 e5 2. g3 Nc6 3. Bg2 Nf6 4. Nc3 Bc5 5. Nf3 d6 6. e3 a6 7. O-O O-O 8. d4
Ba7 9. h3 Bf5 10. b3 h6 11. g4 Bh7 12. dxe5 dxe5 13. Ba3 Re8 14. Qxd8 Raxd8 15.
Rfd1 e4 16. Nh2 Rxd1+ 17. Rxd1 Ne5 18. Nf1 Nf3+ 19. Bxf3 exf3 20. Nd2 Bg6 21.
Kh2 Rd8 22. Nxf3 Rxd1 23. Nxd1 c6 24. Kg2 Bc2 25. Nc3 Ne4 26. Nxe4 Bxe4 27. Bd6
Bb6 28. Kg3 f6 29. Nd2 Bd3 30. Kf3 Kf7 31. Bb4 g6 32. Bc3 f5 33. e4 fxe4+ 34.
Nxe4 Ke6 35. Bd2 h5 36. Be3 hxg4+ 37. hxg4 Ke5 38. Bf4+ Ke6 39. Be3 Ke5 40. Nc3
Ba5 41. Bf4+ Kd4 42. Ne2+ Kc5 43. Ke3 Bc2 44. Nd4 Bb1 45. a3 Bd2+ 46. Kxd2 Kxd4
47. Be3+ Ke4 48. Kc3 Bd3 49. Kb4 Bc2 50. c5 Bd1 51. Ka5 Bxb3 52. Kb6 a5 53.
Kxa5 Bc4 54. Kb6 Ba6 55. f4 Kd5 56. Kc7 Ke6 57. Bd4 Kf7 58. a4 Ke6 59. a5 Kf7
60. Kd6 Bb5 1/2-1/2

[Event "St Louis inv. GM"]
[Site "Saint Louis USA"]
[Date "2017.11.21"]
[Round "8.4"]
[White "Zierk, Steven"]
[Black "Hambleton, Aman"]
[Result "1/2-1/2"]
[WhiteElo "2493"]
[BlackElo "2484"]
[PlyCount "73"]
[EventDate "2017.11.17"]
[EventType "tourn"]
[EventRounds "9"]
[EventCountry "USA"]
[EventCategory "10"]
[Source "Chess Mix"]
[SourceDate "2017.12.01"]

1. e4 c5 2. Nf3 e6 3. d4 cxd4 4. Nxd4 Nc6 5. Nc3 Qc7 6. g3 a6 7. Bg2 Nf6 8. O-O
Nxd4 9. Qxd4 Bc5 10. Bf4 d6 11. Qd2 h6 12. Rad1 e5 13. Be3 Bg4 14. Bxc5 dxc5
15. Qd6 Qxd6 16. Rxd6 Nd7 17. Nd5 O-O-O 18. f4 Be6 19. Rd1 Nf6 20. fxe5 Nd7 21.
Nf4 Nxe5 22. Nxe6 fxe6 23. Bh3 Kc7 24. Rxd8 Rxd8 25. Rxd8 Kxd8 26. Bxe6 g5 27.
Kf2 a5 28. h4 Ke7 29. Bd5 b5 30. Ke3 b4 31. hxg5 hxg5 32. Kd2 Nf3+ 33. Ke2 Ne5
34. c3 bxc3 35. bxc3 Kd6 36. Kd2 Kc7 37. Ke3 1/2-1/2

[Event "St Louis inv. GM"]
[Site "Saint Louis USA"]
[Date "2017.11.22"]
[Round "9.2"]
[White "Hambleton, Aman"]
[Black "Burke, John M"]
[Result "0-1"]
[WhiteElo "2484"]
[BlackElo "2502"]
[PlyCount "118"]
[EventDate "2017.11.17"]
[EventType "tourn"]
[EventRounds "9"]
[EventCountry "USA"]
[EventCategory "10"]
[Source "Chess Mix"]
[SourceDate "2017.12.01"]

1. d4 d5 2. c4 e6 3. Nc3 c6 4. e3 Nf6 5. Nf3 Nbd7 6. Qc2 Bd6 7. e4 Nxe4 8. Nxe4
dxe4 9. Qxe4 e5 10. dxe5 O-O 11. Bd3 f5 12. Qe2 Nxe5 13. Nxe5 Bxe5 14. O-O Re8
15. Qf3 Qf6 16. Rb1 Be6 17. b3 Rad8 18. Ba3 Rd7 19. Rbd1 Red8 20. Bc1 Bb2 21.
Bxb2 Qxb2 22. Qe3 Bf7 23. Qe2 Qxe2 24. Bxe2 Rd2 25. f4 Kf8 26. Bf3 Ke7 27.
Rfe1+ Be6 28. Rxd2 Rxd2 29. Re2 Rxe2 30. Bxe2 Kd6 31. b4 a5 32. a3 axb4 33.
axb4 c5 34. b5 Kc7 35. Kf2 Kb6 36. Ke3 Ka5 37. b6 Kxb6 38. Kd2 Ka5 39. Kc3 Ka4
40. Bd3 g6 41. h3 Bd7 42. Be2 h5 43. g3 Ka3 44. h4 Ka2 45. Bd3 Ba4 46. Be2 Kb1
47. Bf3 Bc6 48. Bd1 Kc1 49. Bc2 Be4 50. Bb3 b6 51. Ba4 Bf3 52. Be8 Kd1 53. Bxg6
Bg4 54. Kd3 Ke1 55. Ke3 Kf1 56. Bf7 Kg2 57. Bd5+ Kxg3 58. Be6 Bh3 59. Bd7 Kg4
0-1

[Event "Aurora Fall op"]
[Site "Aurora CAN"]
[Date "2017.10.14"]
[Round "1.2"]
[White "Hambleton, Aman"]
[Black "Surya, Benito"]
[Result "1-0"]
[WhiteElo "2479"]
[BlackElo "1861"]
[PlyCount "93"]
[EventDate "2017.10.14"]
[EventType "swiss"]
[EventRounds "5"]
[EventCountry "CAN"]
[Source "Chess Mix"]
[SourceDate "2017.10.20"]

1. c4 e6 2. Nc3 d5 3. d4 c5 4. e3 Nf6 5. Nf3 Nc6 6. a3 Ne4 7. Bd3 Nxc3 8. bxc3
dxc4 9. Bxc4 Be7 10. O-O O-O 11. Bb2 b6 12. Qe2 Qc7 13. Rfd1 Bb7 14. d5 exd5
15. Bxd5 Bf6 16. e4 Rfe8 17. c4 Bxb2 18. Qxb2 Re7 19. Rd3 Rae8 20. Rad1 h6 21.
Qc3 Ne5 22. Nxe5 Bxd5 23. Rxd5 Rxe5 24. Rd7 Qc6 25. f3 R5e7 26. R7d6 Qa4 27.
R1d5 f6 28. Qd3 Kf7 29. h4 Re6 30. h5 Rxd6 31. Rxd6 Re7 32. Qd5+ Kf8 33. Rd8+
Re8 34. Rd7 Re7 35. Qa8+ Kf7 36. Rd8 Qxc4 37. Rf8+ Ke6 38. Qc6+ Ke5 39. Rd8 Kf4
40. Qd6+ Re5 41. Qd2+ Kg3 42. Qf2+ Kf4 43. g3+ Kg5 44. f4+ Kxh5 45. fxe5 Qxe4
46. exf6 gxf6 47. Rg8 1-0

[Event "Aurora Fall op"]
[Site "Aurora CAN"]
[Date "2017.10.14"]
[Round "2.2"]
[White "Liu, Lambert"]
[Black "Hambleton, Aman"]
[Result "0-1"]
[WhiteElo "1941"]
[BlackElo "2479"]
[PlyCount "90"]
[EventDate "2017.10.14"]
[EventType "swiss"]
[EventRounds "5"]
[EventCountry "CAN"]
[Source "Chess Mix"]
[SourceDate "2017.10.20"]

1. e4 b6 2. d4 Bb7 3. Nd2 e6 4. Ngf3 d5 5. Bd3 Nf6 6. e5 Nfd7 7. O-O c5 8. c3
Ba6 9. Qe2 Bxd3 10. Qxd3 Be7 11. Re1 Qc8 12. Nf1 Qa6 13. Qc2 Nc6 14. Ng3 cxd4
15. cxd4 Rc8 16. Qe2 Qxe2 17. Nxe2 Nb4 18. Rd1 f6 19. a3 Nc6 20. Bf4 b5 21. Bg3
Nb6 22. Nf4 Kd7 23. Nd3 a5 24. Rdc1 a4 25. Bf4 Nc4 26. Rd1 f5 27. h4 N4a5 28.
Be3 Nb3 29. Rab1 Nca5 30. g3 Rc2 31. Nd2 Rhc8 32. Nxb3 Nxb3 33. Nc1 Nxc1 34.
Rdxc1 Rxc1+ 35. Rxc1 Rxc1+ 36. Bxc1 b4 37. axb4 Kc6 38. Kf1 Kb5 39. Ke2 Kxb4
40. Kd3 Kb3 41. h5 Bb4 42. f3 Ba5 43. g4 fxg4 44. fxg4 Bb4 45. g5 g6 0-1

[Event "Aurora Fall op"]
[Site "Aurora CAN"]
[Date "2017.10.15"]
[Round "5.2"]
[White "Hua, Eugene"]
[Black "Hambleton, Aman"]
[Result "1/2-1/2"]
[WhiteElo "2220"]
[BlackElo "2479"]
[PlyCount "90"]
[EventDate "2017.10.14"]
[EventType "swiss"]
[EventRounds "5"]
[EventCountry "CAN"]
[Source "Chess Mix"]
[SourceDate "2017.10.20"]

1. e4 c5 2. Nf3 e6 3. d4 cxd4 4. Nxd4 a6 5. c4 Qc7 6. Nc3 Nf6 7. a3 b6 8. Be3
Bb7 9. f3 d6 10. Be2 Nbd7 11. O-O Be7 12. Rc1 O-O 13. Qd2 Rac8 14. Rfd1 Qb8 15.
b4 Rfe8 16. Bf1 h5 17. Bf2 h4 18. Bxh4 Nxe4 19. Qe1 g5 20. Bg3 Nxg3 21. Qxg3
Kf8 22. Ne4 Bxe4 23. fxe4 Bf6 24. Nf3 Ke7 25. c5 bxc5 26. Bxa6 Rcd8 27. Bb5
cxb4 28. Bxd7 Rxd7 29. axb4 Red8 30. Nd4 Qb6 31. Qf2 Bxd4 32. Rxd4 e5 33. Rd5
Rb8 34. b5 Qxf2+ 35. Kxf2 g4 36. Kg3 Ke6 37. Rf1 Rc7 38. Rfd1 Rb6 39. Kxg4 Rc3
40. R1d3 Rxd3 41. Rxd3 Rxb5 42. h4 Rb4 43. Kf3 f5 44. exf5+ Kxf5 45. Rxd6 Rxh4
1/2-1/2

[Event "Varennes int."]
[Site "Varennes CAN"]
[Date "2017.10.06"]
[Round "1.6"]
[White "Zotkin, Daniel"]
[Black "Hambleton, Aman"]
[Result "0-1"]
[WhiteElo "2039"]
[BlackElo "2479"]
[PlyCount "96"]
[EventDate "2017.10.06"]
[EventType "swiss"]
[EventRounds "5"]
[EventCountry "CAN"]

1. e4 c5 2. Nf3 e6 3. d4 cxd4 4. Nxd4 Nc6 5. Nb5 d6 6. Bf4 Ne5 7. Qd4 a6 8.
N5c3 Qc7 9. Na3 Nf6 10. O-O-O Be7 11. Nc4 Nxc4 12. Qxc4 Qxc4 13. Bxc4 b5 14.
Bd3 Bb7 15. f3 Nd7 16. a3 Rc8 17. Be2 Ne5 18. Kb1 g5 19. Bg3 Rg8 20. Rd2 Bc6
21. Bd3 Ng6 22. Ne2 h5 23. Nd4 Bb7 24. Nb3 h4 25. Bf2 h3 26. g3 Ne5 27. Be2 g4
28. Na5 Ba8 29. f4 Bxe4 30. Re1 Nf3 31. Bxf3 Bxf3 32. Nb3 d5 33. Bd4 Be4 34.
Bc3 Bxa3 35. bxa3 Rxc3 36. Kb2 Rc4 37. Na5 Rc7 38. Nb3 Ke7 39. Nd4 Rgc8 40.
Ree2 f6 41. Rf2 e5 42. fxe5 fxe5 43. Nf5+ Ke6 44. Ne3 Bf3 45. Nd1 d4 46. Kb1
Rc4 47. Nb2 e4 48. Nxc4 Rxc4 0-1

[Event "Varennes int."]
[Site "Varennes CAN"]
[Date "2017.07.10"]
[Round "2.5"]
[White "Hambleton, Aman"]
[Black "Morella Cabrera, Julio Antonio"]
[Result "1-0"]
[WhiteElo "2479"]
[BlackElo "2248"]
[PlyCount "63"]
[EventDate "2017.10.06"]
[EventType "swiss"]
[EventRounds "5"]
[EventCountry "CAN"]

1. Nf3 c5 2. c4 Nc6 3. Nc3 g6 4. d4 cxd4 5. Nxd4 Bg7 6. Nc2 Nf6 7. e4 d6 8. Be2
O-O 9. O-O a5 10. Be3 a4 11. f3 Qa5 12. Rb1 Be6 13. Qd2 Nd7 14. Rfd1 Rfc8 15.
Na3 Qh5 16. Nd5 Bxd5 17. cxd5 Nd8 18. Bg5 f6 19. f4 Qxe2 20. Qxe2 fxg5 21. fxg5
Nf7 22. Rbc1 Nc5 23. Nc4 Rd8 24. e5 b5 25. exd6 bxc4 26. dxe7 Re8 27. d6 Nd3
28. Rxc4 Nxd6 29. Qxd3 Nxc4 30. Qxc4+ Kh8 31. Qf7 Bxb2 32. Qxe8+ 1-0

[Event "Varennes int."]
[Site "Varennes CAN"]
[Date "2017.10.08"]
[Round "5.1"]
[White "Bruzon Batista, Lazaro"]
[Black "Hambleton, Aman"]
[Result "1-0"]
[WhiteElo "2660"]
[BlackElo "2479"]
[PlyCount "101"]
[EventDate "2017.10.06"]
[EventType "swiss"]
[EventRounds "5"]
[EventCountry "CAN"]

1. d4 Nf6 2. c4 e6 3. Nf3 b6 4. g3 Ba6 5. b3 Bb7 6. Bg2 Bb4+ 7. Bd2 c5 8. O-O
O-O 9. Bxb4 cxb4 10. Qd3 a5 11. Nbd2 d6 12. Nh4 Bxg2 13. Nxg2 Re8 14. Rfd1 Nbd7
15. e4 e5 16. Ne3 Nf8 17. f3 Ne6 18. Nc2 h5 19. Nf1 h4 20. Qe3 Qc7 21. Rd2 Rad8
22. Rad1 Qb8 23. d5 Nf8 24. Qg5 hxg3 25. hxg3 N6h7 26. Qe3 Qc7 27. a3 bxa3 28.
Nxa3 Nd7 29. Nb5 Qc5 30. Kg2 Qxe3 31. Nxe3 Nc5 32. Nf5 Nb7 33. Nc7 Rf8 34. Ne7+
Kh8 35. Rh1 g6 36. Nc6 Rd7 37. Nb5 f5 38. f4 exf4 39. e5 fxg3 40. e6 Rg7 41. e7
Re8 42. Re2 Rgg8 43. c5 Nxc5 44. Nxd6 Kg7 45. Nxe8+ Rxe8 46. d6 Nf6 47. Ne5 Nd5
48. Nd3 Nxd3 49. d7 N3f4+ 50. Kf3 g2 51. dxe8=N+ 1-0

[Event "Isle of Man op"]
[Site "Douglas ENG"]
[Date "2017.09.24"]
[Round "2.31"]
[White "Naiditsch, Arkadij"]
[Black "Hambleton, Aman"]
[Result "1-0"]
[WhiteElo "2702"]
[BlackElo "2479"]
[PlyCount "173"]
[EventDate "2017.09.23"]
[EventType "swiss"]
[EventRounds "9"]
[EventCountry "ENG"]
[Source "Chess Mix"]
[SourceDate "2017.10.10"]

1. e4 e5 2. Nf3 Nf6 3. Nxe5 d6 4. Nf3 Nxe4 5. d4 d5 6. Bd3 Be7 7. O-O Nc6 8.
Re1 Bf5 9. Nc3 Nxc3 10. bxc3 Bxd3 11. Qxd3 O-O 12. Rb1 Na5 13. Re2 c6 14. Bf4
Bf6 15. Rbe1 Nc4 16. h3 h6 17. Nh2 Bg5 18. Bxg5 Qxg5 19. Ng4 Nd6 20. Re5 Qg6
21. Qg3 Rae8 22. Rxe8 Rxe8 23. Rxe8+ Nxe8 24. Qb8 Qe6 25. Kf1 Qe7 26. Qxa7 f6
27. Ne3 Nd6 28. Qc5 Qe6 29. a4 Kh7 30. a5 Nf5 31. c4 Nxe3+ 32. fxe3 Qxe3 33.
cxd5 Qf4+ 34. Ke2 Qe4+ 35. Kd1 cxd5 36. g4 Qh1+ 37. Kd2 Qxh3 38. Qc8 h5 39.
Qf5+ Kh8 40. Qxh5+ Qxh5 41. gxh5 Kg8 42. c4 dxc4 43. Kc3 Kf7 44. Kxc4 f5 45.
Kd3 Kf6 46. Ke3 Kg5 47. d5 f4+ 48. Ke4 Kg4 49. d6 f3 50. Ke3 Kg3 51. d7 f2 52.
d8=Q f1=Q 53. Qg5+ Kh3 54. Qxg7 Qe1+ 55. Kf3 Qd1+ 56. Kf4 Qd2+ 57. Kf5 Qd3+ 58.
Kg5 Qe3+ 59. Kg6 Qe4+ 60. Kh6 Qe3+ 61. Qg5 Qe6+ 62. Kg7 Qd7+ 63. Kf8 Qc8+ 64.
Ke7 Qc7+ 65. Ke8 Qc8+ 66. Kf7 Qd7+ 67. Kf8 Qc8+ 68. Kg7 Qd7+ 69. Kh6 Qe6+ 70.
Qg6 Qe3+ 71. Kh7 Qe7+ 72. Kg8 Qd8+ 73. Kg7 Qe7+ 74. Qf7 Qe5+ 75. Kg8 Qg3+ 76.
Kf8 Qd6+ 77. Ke8 Qe5+ 78. Kd7 Qb5+ 79. Kc8 Qxa5 80. Qe6+ Kh4 81. h6 Qa8+ 82.
Kd7 b5 83. Ke7 b4 84. h7 Qa7+ 85. Qd7 Qe3+ 86. Kf7 Qf4+ 87. Ke8 1-0

[Event "Isle of Man op"]
[Site "Douglas ENG"]
[Date "2017.09.25"]
[Round "3.55"]
[White "Hambleton, Aman"]
[Black "Watson, John"]
[Result "1-0"]
[WhiteElo "2479"]
[BlackElo "2247"]
[PlyCount "71"]
[EventDate "2017.09.23"]
[EventType "swiss"]
[EventRounds "9"]
[EventCountry "ENG"]
[Source "Chess Mix"]
[SourceDate "2017.10.10"]

1. d4 Nf6 2. Bf4 e6 3. Nf3 c5 4. e3 Nc6 5. Nbd2 d5 6. c3 Bd6 7. Bg3 O-O 8. Bd3
b6 9. e4 Be7 10. e5 Nh5 11. Ng5 Bxg5 12. Qxh5 g6 13. Qe2 cxd4 14. h4 Be7 15. h5
dxc3 16. bxc3 Kg7 17. Qg4 g5 18. h6+ Kh8 19. Ne4 Bd7 20. O-O Rg8 21. Nd6 Qf8
22. Rae1 Bxd6 23. exd6 Qxh6 24. Bb5 Rac8 25. Re3 Rgf8 26. f4 gxf4 27. Bxf4 Qg6
28. Qh4 f6 29. Rg3 Qf7 30. Bxc6 Bxc6 31. Be5 fxe5 32. Rxf7 Rxf7 33. Qg5 Rcf8
34. Qxe5+ Rf6 35. Rf3 Kg7 36. Qg5+ 1-0

[Event "Isle of Man op"]
[Site "Douglas ENG"]
[Date "2017.09.26"]
[Round "4.45"]
[White "Karavade, Eesha"]
[Black "Hambleton, Aman"]
[Result "1/2-1/2"]
[WhiteElo "2384"]
[BlackElo "2479"]
[PlyCount "103"]
[EventDate "2017.09.23"]
[EventType "swiss"]
[EventRounds "9"]
[EventCountry "ENG"]
[Source "Chess Mix"]
[SourceDate "2017.10.10"]

1. e4 e6 2. d4 d5 3. Nc3 Bb4 4. Nge2 Nc6 5. a3 Ba5 6. b4 Bb6 7. Bb2 Nge7 8. e5
Bd7 9. Na4 O-O 10. Nxb6 axb6 11. g3 f6 12. Nf4 fxe5 13. dxe5 Rxf4 14. gxf4 Nf5
15. Bd3 Nce7 16. Rg1 h6 17. c4 Ba4 18. Qd2 Qf8 19. Rc1 Rd8 20. Qe2 dxc4 21.
Bxc4 Nd5 22. Qe4 Qe8 23. Rg3 Bc6 24. Rd3 b5 25. Bb3 Qg6 26. Rcd1 Kh7 27. Bxd5
exd5 28. Qe2 d4 29. Bxd4 Bd5 30. Rg3 Nxg3 31. fxg3 Bb3 32. Rd2 Bc4 33. Qd1 Qe4+
34. Kf2 Bd5 35. Qc2 c6 36. Qxe4+ Bxe4 37. g4 h5 38. Ke3 Bd5 39. h3 Kg6 40. Bc5
hxg4 41. hxg4 Rh8 42. Rd3 Rh3+ 43. Kd4 Rxd3+ 44. Kxd3 Bf3 45. g5 Kf5 46. Be3 g6
47. Kd4 b6 48. Kd3 Ke6 49. Bxb6 Bg4 50. Kd4 Kd7 51. Bc5 Be6 52. Bf8 1/2-1/2

[Event "Isle of Man op"]
[Site "Douglas ENG"]
[Date "2017.09.27"]
[Round "5.43"]
[White "Hambleton, Aman"]
[Black "Pranav, Vijay"]
[Result "1-0"]
[WhiteElo "2479"]
[BlackElo "2376"]
[PlyCount "269"]
[EventDate "2017.09.23"]
[EventType "swiss"]
[EventRounds "9"]
[EventCountry "ENG"]
[Source "Mark Crowther"]
[SourceDate "2017.10.02"]

1. d4 Nf6 2. Bf4 e6 3. Nf3 b6 4. e3 Bb7 5. Nbd2 d6 6. Bd3 c5 7. h3 Be7 8. O-O
O-O 9. c3 Nbd7 10. Bh2 Qc7 11. a4 a6 12. Re1 Rfe8 13. Qb1 e5 14. dxe5 Nxe5 15.
Nxe5 dxe5 16. Ne4 Nd5 17. c4 Nb4 18. Nc3 g6 19. Be4 Rad8 20. Bxb7 Qxb7 21. e4
Bf8 22. Nd5 Nxd5 23. exd5 Bg7 24. Ra3 f5 25. Rb3 Kh8 26. f3 a5 27. Rbe3 Qc7 28.
b3 Re7 29. g4 Rf8 30. Kg2 Qd6 31. Qb2 Rfe8 32. Qc2 Qd7 33. Qe2 Bf6 34. Qb2 Qd6
35. Qc3 Bg7 36. R3e2 Kg8 37. Bg3 h6 38. Qd3 Rf7 39. Qc3 Rfe7 40. Qc2 Rf7 41.
Bh2 Kh8 42. Kh1 Kg8 43. Qd3 Rff8 44. Qc3 f4 45. Re4 Bf6 46. Qd3 Bh4 47. R1e2
Re7 48. Qc3 Rfe8 49. Kg1 Kh7 50. Kf1 Kg8 51. Rg2 Kh7 52. Ke2 Kg8 53. Kd1 Kh7
54. Kc2 Kg8 55. Rge2 Kh7 56. Qa1 Kg8 57. Bg1 Kh7 58. Qd1 Kg8 59. Kb1 Kh7 60.
Qd3 Kg8 61. Rd2 Kh7 62. Rd1 Kg8 63. Kb2 Kh7 64. Ra1 Ra8 65. Kc2 Kg8 66. Ra2 Kh7
67. Ra1 Kg8 68. Re2 Kf7 69. Qe4 Ree8 70. Bf2 Bd8 71. h4 Kg8 72. h5 g5 73. Be1
Bc7 74. Bc3 Re7 75. Rae1 Rae8 76. Qf5 Bb8 77. Kd3 Bc7 78. Qe4 Bb8 79. Rh2 Kg7
80. Reh1 Rh8 81. Qf5 Rf7 82. Qe6 Re7 83. Qf5 Rf7 84. Qe4 Re7 85. Kc2 Bc7 86.
Bb2 Bb8 87. Rd1 Bc7 88. Bc3 Bb8 89. Qf5 Rf8 90. Qd3 Bc7 91. Kd2 Bb8 92. Ke2 Bc7
93. Kf1 Bb8 94. Re1 Bc7 95. Kf2 Bb8 96. Kg2 Bc7 97. Kf1 Bb8 98. Rxe5 Rxe5 99.
Bxe5+ Qxe5 100. Qg6+ Kh8 101. Qxh6+ Kg8 102. Re2 Qg7 103. Qe6+ Kh8 104. d6 Rd8
105. d7 Qxd7 106. Qxd7 Rxd7 107. Re8+ Kg7 108. Rxb8 Rd3 109. Rxb6 Rxf3+ 110.
Ke2 Re3+ 111. Kf2 Kf7 112. Rg6 Re5 113. Ra6 Re3 114. Rxa5 Rg3 115. Rxc5 Rxg4
116. a5 Rg3 117. a6 Rxb3 118. Ra5 g4 119. a7 g3+ 120. Kg2 Rb2+ 121. Kf3 Rf2+
122. Ke4 g2 123. a8=Q Re2+ 124. Kf3 g1=Q 125. Qa7+ Qxa7 126. Rxa7+ Re7 127.
Rxe7+ Kxe7 128. Kxf4 Kf6 129. c5 Ke6 130. h6 Kf6 131. c6 Kg6 132. c7 Kh7 133.
Kg5 Kh8 134. Kg6 Kg8 135. c8=R# 1-0

[Event "Isle of Man op"]
[Site "Douglas ENG"]
[Date "2017.09.28"]
[Round "6.26"]
[White "Hambleton, Aman"]
[Black "Sargissian, Gabriel"]
[Result "0-1"]
[WhiteElo "2479"]
[BlackElo "2652"]
[PlyCount "106"]
[EventDate "2017.09.23"]
[EventType "swiss"]
[EventRounds "9"]
[EventCountry "ENG"]
[Source "Chess Mix"]
[SourceDate "2017.10.10"]

1. c4 e6 2. Nf3 Nf6 3. b3 b6 4. g3 Bb7 5. Bg2 c5 6. O-O Be7 7. Bb2 O-O 8. Nc3
d6 9. e3 Nbd7 10. d3 a6 11. Qe2 Re8 12. Rad1 b5 13. Ne1 Bxg2 14. Nxg2 d5 15. g4
g6 16. f4 d4 17. exd4 cxd4 18. Ne4 e5 19. g5 Nxe4 20. Qxe4 Bf8 21. Qf3 bxc4 22.
bxc4 Rb8 23. Rf2 Bg7 24. h4 exf4 25. Nxf4 Re3 26. Qd5 Nb6 27. Qxd8+ Rxd8 28.
Bc1 Ree8 29. Bd2 Na4 30. Nd5 Nc3 31. Bxc3 dxc3 32. Kf1 Bd4 33. Re2 Rxe2 34.
Kxe2 Re8+ 35. Kf3 Kg7 36. Rc1 h5 37. Kf4 Re2 38. Nxc3 Rh2 39. Ne4 Rh3 40. Rc2
Rxh4+ 41. Kg3 Rh1 42. c5 Be5+ 43. Kf3 Rh3+ 44. Ke2 Rh2+ 45. Nf2 Rg2 46. c6 Bc7
47. Rb2 h4 48. Kf1 Rxg5 49. Ne4 Rf5+ 50. Rf2 Re5 51. Kg2 f5 52. Ng5 Kf6 53. Nf3
Rc5 0-1

[Event "Isle of Man op"]
[Site "Douglas ENG"]
[Date "2017.09.29"]
[Round "7.42"]
[White "Eggleston, David"]
[Black "Hambleton, Aman"]
[Result "0-1"]
[WhiteElo "2400"]
[BlackElo "2479"]
[PlyCount "74"]
[EventDate "2017.09.23"]
[EventType "swiss"]
[EventRounds "9"]
[EventCountry "ENG"]
[Source "Chess Mix"]
[SourceDate "2017.10.10"]

1. e4 c5 2. Nf3 e6 3. d4 cxd4 4. Nxd4 a6 5. Nc3 Qc7 6. Bd3 Nc6 7. Nxc6 Qxc6 8.
O-O b5 9. Re1 Ne7 10. Qd2 Bb7 11. b3 Ng6 12. Bb2 Bd6 13. a4 Qc7 14. axb5 Bxh2+
15. Kh1 Bf4 16. Qe2 a5 17. Na4 O-O 18. Qh5 Ne5 19. g3 Nxd3 20. cxd3 Bh6 21. Bc1
Bxc1 22. Raxc1 Qd6 23. Nc5 Rab8 24. f4 f5 25. Qe2 Ba8 26. Kh2 Rxb5 27. d4 Rb4
28. e5 Qd5 29. Na6 Rxb3 30. Nc7 Qf3 31. Qxf3 Bxf3 32. d5 Kf7 33. Rb1 a4 34.
Rxb3 axb3 35. dxe6+ dxe6 36. Nb5 Rb8 37. Nd4 Be4 0-1

[Event "Riga Tech op-A"]
[Site "Riga LAT"]
[Date "2017.08.08"]
[Round "3.23"]
[White "Hambleton, Aman"]
[Black "Gluhovsky, Mark"]
[Result "1-0"]
[WhiteElo "2461"]
[BlackElo "2281"]
[PlyCount "67"]
[EventDate "2017.08.07"]
[EventType "swiss"]
[EventRounds "9"]
[EventCountry "LAT"]
[Source "Chess Mix"]
[SourceDate "2017.08.20"]

1. e4 c5 2. Ne2 Nc6 3. Nbc3 Nf6 4. g3 g6 5. d4 cxd4 6. Nxd4 Bg7 7. Nde2 O-O 8.
Bg2 Rb8 9. a4 d6 10. O-O a6 11. h3 b5 12. axb5 axb5 13. Bg5 h6 14. Be3 Ne5 15.
b3 Bb7 16. f4 Ned7 17. Ra7 b4 18. Nd5 Nxd5 19. exd5 Nc5 20. f5 Qb6 21. Ra2 g5
22. Nd4 Bf6 23. h4 Ra8 24. Rxa8 Rxa8 25. hxg5 hxg5 26. Qd2 Ra2 27. Rf2 Ra1+ 28.
Kh2 Ra2 29. Nc6 Bxc6 30. dxc6 Qa5 31. Bxg5 Nxb3 32. Qf4 Qc5 33. Bxf6 exf6 34.
Re2 1-0

[Event "Riga Tech op-A"]
[Site "Riga LAT"]
[Date "2017.08.09"]
[Round "4.3"]
[White "Onischuk, Vladimir"]
[Black "Hambleton, Aman"]
[Result "1-0"]
[WhiteElo "2610"]
[BlackElo "2461"]
[PlyCount "43"]
[EventDate "2017.08.07"]
[EventType "swiss"]
[EventRounds "9"]
[EventCountry "LAT"]
[Source "Chess Mix"]
[SourceDate "2017.08.20"]

1. e4 e6 2. d4 d5 3. Nc3 Bb4 4. exd5 exd5 5. Bd3 Nc6 6. a3 Bxc3+ 7. bxc3 Nf6 8.
Ne2 O-O 9. O-O Bg4 10. f3 Bh5 11. Ng3 Bg6 12. f4 Bxd3 13. cxd3 Re8 14. f5 b5
15. Qb3 Qd7 16. Bg5 Ng4 17. Rf4 Ne3 18. Rf3 Na5 19. Qb2 Ng4 20. h3 h6 21. Bh4
Ne3 22. Qf2 1-0

[Event "Riga Tech op-A"]
[Site "Riga LAT"]
[Date "2017.08.10"]
[Round "5.35"]
[White "Hambleton, Aman"]
[Black "Sirosh, Ilja"]
[Result "1-0"]
[WhiteElo "2461"]
[BlackElo "2299"]
[PlyCount "113"]
[EventDate "2017.08.07"]
[EventType "swiss"]
[EventRounds "9"]
[EventCountry "LAT"]
[Source "Chess Mix"]
[SourceDate "2017.08.20"]

1. d4 Nf6 2. Bf4 g6 3. Nc3 d5 4. e3 Bg7 5. h4 c5 6. Nb5 Na6 7. c3 h6 8. Be2 O-O
9. Nf3 Bg4 10. Ne5 Bxe2 11. Qxe2 Nd7 12. Nf3 h5 13. O-O Re8 14. Rfd1 cxd4 15.
exd4 Nf6 16. Ne5 Ne4 17. a4 Rf8 18. Nf3 Qd7 19. Re1 Qf5 20. g3 Rfe8 21. Ng5
Nxg5 22. Bxg5 Bf6 23. Bxf6 Qxf6 24. Qd2 Red8 25. Re5 e6 26. Qh6 Qg7 27. Qf4 Rd7
28. g4 hxg4 29. h5 f6 30. Rxe6 gxh5 31. Rxf6 Rf7 32. Rxf7 Qxf7 33. Qg5+ Kh7 34.
Re1 Rg8 35. Re7 Rxg5 36. Rxf7+ Rg7 37. Rf5 Kg6 38. Rxd5 Nc7 39. Re5 Nxb5 40.
axb5 Rc7 41. Kg2 h4 42. f4 h3+ 43. Kh2 Kf6 44. Rg5 Re7 45. Rxg4 Re2+ 46. Kxh3
Rxb2 47. Rg5 Rb3 48. Rc5 b6 49. Rc7 Rxb5 50. Rxa7 Rb3 51. Rc7 Ke6 52. Kg4 b5
53. Rc6+ Kd7 54. Rc5 b4 55. cxb4 Rxb4 56. Re5 Rxd4 57. Kg5 1-0

[Event "Riga Tech op-A"]
[Site "Riga LAT"]
[Date "2017.08.10"]
[Round "6.11"]
[White "Hambleton, Aman"]
[Black "Boruchovsky, Avital"]
[Result "1/2-1/2"]
[WhiteElo "2461"]
[BlackElo "2556"]
[PlyCount "112"]
[EventDate "2017.08.07"]
[EventType "swiss"]
[EventRounds "9"]
[EventCountry "LAT"]
[Source "Chess Mix"]
[SourceDate "2017.08.20"]

1. d4 e6 2. Bf4 g5 3. Be5 Nf6 4. h4 gxh4 5. Nf3 Bg7 6. e3 d6 7. Bf4 b6 8. Bb5+
Bd7 9. Bd3 Nc6 10. Rxh4 Qe7 11. Nc3 O-O-O 12. Qd2 h6 13. Bg3 h5 14. O-O-O Ng4
15. Rdh1 e5 16. d5 Nd4 17. Rxh5 Nf5 18. Rxh8 Rxh8 19. Rxh8+ Bxh8 20. Bxf5 Bxf5
21. e4 Bd7 22. Qe2 Kb7 23. Kb1 Qf8 24. Nh4 Qh6 25. a4 a6 26. Qf3 Nf6 27. Nf5
Qh7 28. Ne3 Bg7 29. Ka2 b5 30. axb5 axb5 31. b4 Qh5 32. Qxh5 Nxh5 33. Bh4 Bh6
34. Nf5 Bd2 35. Ne2 Bxb4 36. g4 Nf4 37. Nxf4 exf4 38. f3 Bc3 39. Kb3 b4 40. Bd8
Bb5 41. Bg5 Be2 42. Nh4 Ka6 43. Bxf4 Kb5 44. Ka2 Ka4 45. g5 Bd1 46. Kb1 b3 47.
cxb3+ Kxb3 48. Kc1 Be2 49. g6 fxg6 50. Nxg6 Bxf3 51. e5 Bb4 52. exd6 cxd6 53.
Ne7 Bg4 54. Nc6 Bc5 55. Kd2 Ka4 56. Nd8 Bf3 1/2-1/2

[Event "Riga Tech op-A"]
[Site "Riga LAT"]
[Date "2017.08.11"]
[Round "7.12"]
[White "Alekseenko, Kirill"]
[Black "Hambleton, Aman"]
[Result "1/2-1/2"]
[WhiteElo "2575"]
[BlackElo "2461"]
[PlyCount "152"]
[EventDate "2017.08.07"]
[EventType "swiss"]
[EventRounds "9"]
[EventCountry "LAT"]
[Source "Chess Mix"]
[SourceDate "2017.08.20"]

1. d4 Nf6 2. Nf3 e6 3. c4 b6 4. g3 Ba6 5. Qc2 Bb7 6. Bg2 c5 7. d5 exd5 8. cxd5
Nxd5 9. O-O Be7 10. Rd1 Nc6 11. Qf5 Nf6 12. Nc3 d5 13. Nxd5 Nxd5 14. Ng5 Bxg5
15. Rxd5 Qc8 16. Qxc8+ Rxc8 17. Rxg5 O-O 18. Bd2 f6 19. Rh5 Rcd8 20. Bc3 g6 21.
Rh4 Rd7 22. Rf4 f5 23. h4 Nd8 24. Bxb7 Nxb7 25. g4 Nd8 26. gxf5 Rxf5 27. Rxf5
gxf5 28. e3 b5 29. a3 Kf7 30. Kf1 Nc6 31. Ke2 a5 32. Bd2 a4 33. Rg1 Ne5 34. Bc3
Nc4 35. Rg5 Ke6 36. e4 fxe4 37. Rxc5 Rd5 38. Rc6+ Rd6 39. Rc8 h5 40. Rf8 Rd3
41. Rf4 Rh3 42. Rxe4+ Kd5 43. Rd4+ Kc6 44. Kf1 Nxa3 45. Rd8 Nc4 46. Rc8+ Kd5
47. Rd8+ Kc5 48. Rc8+ Kd5 49. Rb8 Kc6 50. Rc8+ Kd7 51. Rc5 Nd6 52. Rxh5 a3 53.
Kg2 a2 54. Rh7+ Ke6 55. Ra7 Rxh4 56. Rxa2 Ra4 57. Rxa4 bxa4 58. Kf3 Kd5 59. Ke3
Ne4 60. Bb4 Nf6 61. Ba3 Ng4+ 62. Ke2 Ne5 63. f4 Nc6 64. Kd3 Nd4 65. Bb4 Nf5 66.
Bc3 Nd6 67. Bd4 Nb5 68. Be5 Na7 69. Kc3 Nc6 70. Bc7 Nd4 71. Kb4 a3 72. bxa3 Ne6
73. Bb6 Nxf4 74. Kb5 Ne2 75. Ba5 Nd4+ 76. Kb6 Kc4 1/2-1/2